Mevlâna ve Konfüçyüs (Record no. 3976)
[ view plain ]
| 000 -BAŞLIK | |
|---|---|
| Sabit Uzunlukta Kontrol Alanı | 01005na a2200313 4500 |
| 001 - KONTROL NUMARASI | |
| Denetim Alanı | 12690 |
| 003 - KONTROL NUMARASI IDENTIFIER | |
| Denetim Alanı | MIRAKIL |
| 005 - SON İŞLEM TARİHİ VE ZAMANI | |
| Denetim Alanı | 20181213154949.0 |
| 008 - SABİT-BOY VERİ ELEMANLARI - GENEL BİLGİLER | |
| Sabit Uzunlukta Kontrol Alanı | 160812b tu 000 0 |
| 020 ## - ULUSLARARASI STANDART KİTAP NUMARASI | |
| Uluslararası Standart Kitap Numarası | 9789755859651 |
| 035 ## - SİSTEM KONTROL NUMARASI | |
| Sistem Kontrol Numarası | 12690 |
| 040 ## - KATALOGLAMA KAYNAK | |
| Orijinal Kataloglama Ajansı | Milas |
| Kataloglama Dili | tur |
| Metne Dönüştürmek Ajansı | TR-AnCHP |
| 082 ## - DEWEY ONLU SINIFLANDIRMA NUMARASI | |
| Sınıflandırma Numarası | 181 |
| Ürün Numarası | Ö92m 2008 |
| 090 ## - SINIFLAMA NUMARASI | |
| Sınıflama Numarası | 181 Ö92m 2008 |
| 100 ## - ANA GİRİŞ - KİŞİSEL İSİM | |
| Kişisel Ad | Özdemir, İbrahim |
| 245 ## - BAŞLIK TABLOSU | |
| Başlık | Mevlâna ve Konfüçyüs |
| Başlığın Kalan | Yeni bir yüzyıla mesajlar |
| Sorumluluk Tablosu, Vb | İbrahim Özdemir |
| 246 ## - UNVAN FORM VARYING | |
| Başlık Doğru / Kısa Başlığı | Yeni bir yüzyıla mesajlar |
| 246 ## - UNVAN FORM VARYING | |
| Başlık Doğru / Kısa Başlığı | Mevlana ve Konfüçyüs : Yeni bir yüzyıla mesajlar |
| 260 ## - YAYIN, DAĞITIM, VB | |
| Yayın, Dağıtım, Vb Yeri | Konya |
| Yayıncı, Dağıtıcı, Vs Adı | Konya Valiliği İl Kültür ve Turizm Müdürlüğü |
| Yayın, Dağıtım, Vb Tarihi | 2008 |
| 300 ## - FİZİKSEL TANIM | |
| Kapsam | 112 s |
| Boyutlar | 18 sm. |
| 490 ## - SERİSİ TABLOSU | |
| Seri Beyanı | Konya Valiliği İl Kültür Müdürlüğü Yayınları |
| Hacim / Ardışık Tanımı | 178 |
| 504 ## - KAYNAKÇA VB NOT | |
| Kaynakça Vb Notu | Kaynakça var. |
| 600 ## - KONU KATMA GİRİŞ - KURUMSAL ADI | |
| Kişisel Ad | Konfüçyus |
| Bir Adıyla İlişkilendirilen Tarihler | İ.Ö. 551-479 |
| 600 ## - KONU KATMA GİRİŞ - KURUMSAL ADI | |
| Kişisel Ad | Mevlana |
| Bir Adıyla İlişkilendirilen Tarihler | 1207-1273 |
| Relator Terim | Mevlevilik |
| 650 ## - KONU KATMA GİRİŞ - TOPİKAL DÖNEM | |
| Topikal Süreli Veya Coğrafi Ad Giriş Elemanı | Bilginler |
| Genel Alt Bölümü | Doğu felsefesi |
| 650 ## - KONU KATMA GİRİŞ - TOPİKAL DÖNEM | |
| Topikal Süreli Veya Coğrafi Ad Giriş Elemanı | Mevlevilik |
| 650 ## - KONU KATMA GİRİŞ - TOPİKAL DÖNEM | |
| Topikal Süreli Veya Coğrafi Ad Giriş Elemanı | Tasavvuf |
| Coğrafi Alt Bölümü | Türkiye |
| 942 ## - EKLENDİ GİRİŞ ELEMANLARI (KOHA) | |
| Sınıflandırma Veya Raf Düzeni Kaynak | Dewey Decimal Classification |
| Koha Öğesi Türü | Books |
| 999 ## - SİSTEM KONTROL NUMARALARI (KOHA) | |
| Koha Biblionumber | 3976 |
| Koha Biblioitemnumber | 3976 |
| Kalıcı Konum | Mevcut Konum | Edinme Tarihi | Edinim Kaynak | Toplam Check-Out'Lar | Tam Çağrı Numarası | Barkod | Tarih Son Görülme | İtibaren Geçerli Fiyatlar | Koha Öğesi Türü |
|---|---|---|---|---|---|---|---|---|---|
| CHP Kütüphanesi | CHP Kütüphanesi | 07/31/2016 | Bağış | 181 Ö92m 2008 | 000414 | 07/31/2016 | 07/31/2016 | Books |
